| 000 | 00765nam a2200241 a 4500 | ||
|---|---|---|---|
| 001 | 55304 | ||
| 003 | BD-RjUL | ||
| 005 | 20211209080239.0 | ||
| 008 | 161116s1980 ii p|||| |||| 00| 0 eng d | ||
| 035 | _a(BD-RjUL) 55426 | ||
| 040 |
_aBD-RjUL _beng _cBD-RjUL _dBD-RjUL |
||
| 041 | _aeng | ||
| 082 |
_223 _a630.954792 _bSHA 1980 |
||
| 100 | 1 |
_aShinde, Suresh D. _q(Suresh Dasharath), _d1935- _9164774 |
|
| 245 | 1 | 0 |
_aAgriculture in an underdeveloped region : _ba geographical survey / _cSuresh D. Shinde |
| 250 | _a1st. ed. | ||
| 260 |
_aBombay : _bHimalaya Pub. House, _c1980 |
||
| 300 |
_axv, 143 p. : _bill. ; _c25 cm. |
||
| 500 | _aIncludes index | ||
| 650 | 0 |
_aAgricultural geography _zIndia _zKonkan _9164775 |
|
| 651 | 0 |
_aKonkan (India) _9164776 |
|
| 942 |
_2ddc _cBK |
||
| 999 |
_c55304 _d55304 |
||